000 00463nam a22001697a 4500
003 NUST - PNEC
005 20170116180830.0
008 150730b xxu||||| |||| 00| 0 eng d
020 _a9789332519084
040 _cLIBRARY
082 _a519.2 WAL
100 _94570
_aWalpole, Ronald E.
245 _aProbability and statistics for engineers and scientists
_cRonald E. Walpole
250 _a9th ed
650 _94571
_aEngineering
_xEE / MIS
942 _2ddc
_cBK
999 _c63996
_d63996